000 00646nam a2200169Ia 4500
008 151018s9999 xx 000 0 und d
082 _bRBASDV6879
_a891.463
100 _aचंद्रकांत काकोडकर
245 _aरोजनिशीतले रहस्य
260 _bभारतीय पॉकेट बुक्स
300 _a163
600 _aचंद्रकांत काकोडकर
630 _aरोजनिशीतले रहस्य
700 _aचंद्रकांत काकोडकर
730 _aरोजनिशीतले रहस्य
942 _cBOOK
999 _c1009248
_d1009245